Main Rivers of Southern Italy - Statistics

General Stats
  • This quiz has been taken 11 times
  • The average score is 4 of 20
Answer Stats
Length(km) Main Regions River % Correct
175 Campania Volturno
70%
106 Sicily Simeto
40%
103 Sicily Imera/Platani
30%
72 Sicily Salso
30%
149 Basilicata Basento
20%
77 Sicily Belice
20%
120 Basilicata Bradano
20%
86 Apulia, Molise Fortore
20%
64 Campania Sele
20%
152 Sardinia Tirso
20%
136 Basilicata Agri
10%
115 Sardinia Coghinas
10%
91 Calabria Crati
10%
96 Sardinia Mannu
10%
80 Calabria Neto
10%
134 Apulia Ofanto
10%
94 Basilicata Sinni
10%
108 Campania Calore
0%
98 Apulia Carapelle
0%
92 Basilicata Tanagro
0%
No matching quizzes found
Score Distribution
Percent of People with Each Score
Percentile by Number Answered
Your Score History
You have not taken this quiz